| 000 | 00699cam a22002534a 4500 | ||
|---|---|---|---|
| 005 | 20260322212023.0 | ||
| 008 | data | ||
| 010 | _a 00035055 | ||
| 020 | _a0786884967 | ||
| 020 | _a9780786884964 | ||
| 040 |
_aDLC _cDLC |
||
| 042 | _apcc | ||
| 050 | 0 | 0 |
_aMT146 _b.S94 2000 |
| 082 | 0 | 0 |
_a781.65 _221 |
| 092 | _a781.65 S94 2000 | ||
| 100 | 1 |
_aSzwed, John F., _d1936- |
|
| 245 | 1 | 0 |
_aJazz 101 : _ba complete guide to learning and loving jazz / _cJohn F. Szwed. |
| 250 | _a1st ed. | ||
| 260 |
_aNew York : _bHyperion, _cc2000. |
||
| 300 |
_axiv, 354 p. ; _c21 cm. |
||
| 504 | _aIncludes bibliographical references (p. [318]-337) and index. | ||
| 650 | 0 |
_aJazz _xAnalysis, appreciation. |
|
| 001 | data | ||
| 999 |
_c520 _d520 |
||